Registre jazyka a jazykovedy na počesť Daniely Slančovej (I)

Bibliographic Details
Main Authors: Kesselová, Jana, 1962- (Author, Editor), Imrichová, Mária, 1964- (Author, Editor), Ološtiak, Martin, 1978- (Author, Editor)
Format: Book
Language:Slovak
Czech
Ukrainian
PhysicalDescription:340 s. sch., tab. 24 cm
Vydané aj v elektronickej forme
Published: Prešov Filozofická fakulta Prešovskej univerzity 2014
ISBN:9788055511115 (brož.)
Series:Acta Facultatis Philosophicae Universitatis Prešoviensis Jazykovedný zborník
Subjects:

MARC

LEADER 00000nam a2200000 a 4500
001 vtls010662414
003 SK-MaSNL
005 20260301215422.0
008 160610s2014 xo a g ni 000 0 slo
015 |a SNBA2015/04 
020 |a 9788055511115 (brož.) 
035 |a C1FAEBDC-0C7F-45A6-841C-EB9A2542E024 
035 |a urn:nbn:sk:snk-amkrp5 
035 |a urn:nbn:sk:snk-am005bbl 
040 |a SNK  |b slo  |c SNK  |e AACR2 
041 0 |a slo  |a cze  |a ukr  |b eng 
044 |a xo  |c SK 
072 7 |a 81  |x Lingvistika. Jazyky  |2 konspekt 
080 |a 81  |2 2001 
080 |a 81'1  |2 2001 
080 |a (083.8)  |2 2001 
080 |a (082)  |2 2001 
080 |a 811.162.4  |2 2001 
245 0 0 |a Registre jazyka a jazykovedy  |b na počesť Daniely Slančovej  |n (I)  |c editori Jana Kesselová, Mária Imrichová, Martin Ološtiak 
260 |a Prešov  |b Filozofická fakulta Prešovskej univerzity  |c 2014 
300 |a 340 s.  |b sch., tab.  |c 24 cm 
366 |e 100 výt. 
490 1 |a Acta Facultatis Philosophicae Universitatis Prešoviensis ;  |v 464/497  |a Jazykovedný zborník ;  |v 50 
504 |a Bibliogr. odkazy ; pozn. 
530 |a Vydané aj v elektronickej forme 
546 |a Čiast. text v češ. a ukr. Res. angl. 
650 0 7 |a jazyk  |2 SNKPH  |9 22980 
650 0 7 |a Language  |2 SNKPHeng  |9 266532 
650 0 7 |a lingvistika  |2 SNKPH  |9 860 
650 0 7 |a Linguistics  |2 SNKPHeng  |9 265222 
650 0 7 |a slovenčina  |2 SNKPH  |9 1350 
650 0 7 |a Slovak language  |2 SNKPHeng  |9 266031 
655 7 |a registre  |2 SNKPH  |9 70556 
655 7 |a Indexes  |2 SNKPHeng  |9 313156 
655 7 |a Papers of several authors  |2 SNKPHeng  |9 153738 
655 7 |a zborníky  |2 SNKPH  |9 70165 
700 1 |a Kesselová, Jana,  |d 1962-  |4 edt  |4 aut  |9 104839 
700 1 |a Imrichová, Mária,  |d 1964-  |4 edt  |4 aut  |9 232463 
700 1 |a Ološtiak, Martin,  |d 1978-  |4 edt  |4 aut  |9 197928 
700 1 |a Slančová, Daniela,  |d 1953-  |4 hnr  |9 99585 
776 1 |t Registre jazyka a jazykovedy (I)  |w vtls010657800 
830 0 |a Acta Facultatis Philosophicae Universitatis Prešoviensis  |p Jazykovedný zborník  |9 317649 
919 |a 978-80-555-1111-5 
958 |a NB 
999 |c 928107  |d 930037 
952 |a SNK  |b SNK  |y PREZ  |7 0  |p 17A1141713  |o snkSC 163875/1  |i snk2015/9901  |8 0  |0 0  |1 0  |4 0  |d 2015-03-20  |f 1  |l 0  |r 2025-08-27 00:00:00  |w 2026-02-24 
952 |a SNK  |b SNK  |y VYP  |7 0  |p 17A1141714  |o snkSC 163875/1 D1  |i snk2015/9902  |8 0  |0 0  |1 0  |4 0  |d 2015-03-20  |l 0  |r 2026-02-24 08:39:22  |w 2026-02-24